Studies on the epoxidation of rubber seed oil (Record no. 47471)
[ view plain ]
| 000 -LEADER | |
|---|---|
| fixed length control field | 01202nam a2200169Ia 4500 |
| 100 ## - MAIN ENTRY--AUTHOR NAME | |
| Personal name | Okieimen F E |
| 245 #0 - TITLE STATEMENT | |
| Title | Studies on the epoxidation of rubber seed oil |
| 520 ## - SUMMARY, ETC. | |
| Summary, etc | The kinetics epoxidation of rubber seed oil (RSO) by peroxyacetic acid generated in situ were studied at various temperatures. It was foound that epoxidation with almost complete conversion of unsaturated carbon and negligible oxirane cleavage can be attained by the in situ technique. The rate constant for epoxidation of RSO was found to be of the order ot 10-6 1 mol-1 s-1 and activation energy of epoxidation of 15.7 kcal mol-1 was determined. Some thermodynamic parameters: enthalpy, entropy and free energy activation of 15.2,-31.94 and25.44 kcal mol-1 repectively were obtained for the epoxidation of RSO. The kinetic and thermodynamic parameters of epoxidation obtained from this study indicate that an increase in the process temperature would increase the rate of epoxide formation. |
| 650 ## - SUBJECT ADDED ENTRY--TOPICAL TERM | |
| Topical Term | Epoxidation |
| 650 ## - SUBJECT ADDED ENTRY--TOPICAL TERM | |
| Topical Term | Kinetics |
| 650 ## - SUBJECT ADDED ENTRY--TOPICAL TERM | |
| Topical Term | Peroxyacetic acid |
| 650 ## - SUBJECT ADDED ENTRY--TOPICAL TERM | |
| Topical Term | Rubber seed oil |
| 700 ## - ADDED ENTRY--PERSONAL NAME | |
| Personal name | Bakare O I |
| 700 ## - ADDED ENTRY--PERSONAL NAME | |
| Personal name | Okieimen C O |
| 942 ## - ADDED ENTRY ELEMENTS (KOHA) | |
| Koha item type | Bibliography RLSE |
| Withdrawn status | Lost status | Damaged status | Not for loan | Home library | Current library | Date acquired | Koha item type |
|---|---|---|---|---|---|---|---|
| Bibliography | RRII Library | RRII Library | 31/12/2021 | Bibliography RLSE |